New species and distribution records of Mesoamerican Ateuchus (<Coleoptera:Scarabaeidae>) (Registro nro. 11699)

Detalles MARC
000 -CABECERA
Campo de control 005620000a22001810004500
090 ## - CLASIFICACIÓN LOCAL
Colección AR
Consecutivo 02637
041 0# - IDIOMA
Código de idioma para texto/pista de sonido o título separado
100 1# - ASIENTO PRINCIPAL--NOMBRE PERSONAL
Nombre personal Kohlmann, Bert
245 10 - MENCION DE TITULO
Título New species and distribution records of Mesoamerican Ateuchus (<Coleoptera:Scarabaeidae>)
650 14 - ASIENTO SECUNDARIO DE MATERIA - TERMINO TEMATICO
Término temático o nombre geográfico como elemento de entrada Entomología
650 14 - ASIENTO SECUNDARIO DE MATERIA - TERMINO TEMATICO
Término temático o nombre geográfico como elemento de entrada Taxonomía animal
650 14 - ASIENTO SECUNDARIO DE MATERIA - TERMINO TEMATICO
Término temático o nombre geográfico como elemento de entrada Nuevas especies
650 14 - ASIENTO SECUNDARIO DE MATERIA - TERMINO TEMATICO
Término temático o nombre geográfico como elemento de entrada Mesoamérica
651 #4 - ASIENTO SECUNDARIO DE MATERIA - NOMBRE GEOGRAFICO
-- América Central
653 ## - TERMINO DE INDIZACION - NO CONTROLADO
-- Ateuchus
773 1# - Item fuente:
Título Revista de Biología Tropical
Especificación de materiales 129
Descripción física 1
Paginas del Articulo 235-246
Lugar, editorial y fecha de publicación 2000
Información sobre la relación 48
942 ## - ELEMENTOS ADICIONALES (KOHA)
Tipo de ítem Artículo
Existencias
Withdrawn status Lost status Damaged status No para préstamo Colección Ubicación Permanente Ubicación actual Fecha de adquisición Datos de publicación Seriada Total Checkouts Número topográfico Inventario / Código de Barras Date last seen Ejemplar Price effective from Forma de adquisición Tipo de material
      No para Préstamo Hemeroteca Bogotá Bogotá 27/02/2015 Fuera de circulación   AR 02637 013051 25/03/2015 1 25/03/2015   Artículo